000 00232nam a2200097Ia 4500
001 1172503
005 20250827012556.0
008 250824s9999 xx 000 0 und d
245 0 _aCESUR MANE
_cDIEGO ROBERTO
260 _bDOKUZ ÇOCUK
999 _c1172503
_d1172503